Statistics for Central Asian Currencies

Click here to take the quiz!

General Stats

  • This quiz has been taken 33 times
  • The average score is 6 of 8

Answer Stats

CountryCurrency% Correct
KazakhstanTenge
87%
KyrgyzstanSom
83%
UzbekistanSom
78%
AfghanistanAfghani
74%
PakistanRupee
74%
IranRial
70%
TajikistanSomoni
65%
TurkmenistanManat
52%

Score Distribution

Percentile by Number Answered

Percent of People with Each Score

Your Score History

You have not taken this quiz